000 00681nam a2200265Ia 4500
005 20260121114436.0
008 008 260114s9999 xx 000 0 eng d
020 _a9788126582792
037 _aEBOOK
040 _aCRL
040 _beng
040 _cCRL
041 _2eng
041 _aeng
084 _qCRL
100 _aBaesens
_9975115
245 0 _aAnalytics in a Big Data World: The Essential Guide to Data Science and its Applications
260 _bWiley
260 _c2018
650 _aAnalytics / Big Data
_9975116
856 _uhttps://ebooks.wileyindia.com/product-details/282038
942 _cEBOOK
999 _c1554172
_d1554172